• 首页
  • 本馆介绍
  • 公告通知
  • 最新文献
  • 馆藏检索
  • 电子资源
  • 读者导购
  • 参考咨询
  • 我的图书馆
  • 登录
  • 详细信息显示
  • 放入我的书架
  • 预约/预借图书
  • 作者相关作品
  • 分类相关作品
  • 丛书相关作品
  • 出版社相关作品

书目信息

  • 表格格式
  • 工作单格式
  • 卡片格式
题名:
载波电话基础
    
 
作者: ;人民邮电出版社 编辑
分册:  
出版信息: 北京   人民邮电出版社  1975
页数: 340页
开本: 19cm
丛书名: 电信技术基础自学丛书
单 册:
中图分类: TN-51
科图分类:
主题词: 无线电电子学 , 通信技术 , 载波电话--理论
电子资源:
ISBN:
000 00802nam2 2200277 45
001 0175002525
005 20060509095818.28
010    @dCNY0.75
100    @a19951013d1975 em y0chiy0121 ea
101 0  @achi
102    @aCN@b110000
102    @aCN@b110000
105    @ay z 000yy
200 10 @a载波电话基础@Azai bo dian hua ji chu@f人民邮电出版社编辑@Fren min you dian chu ban she bian ji
210    @a北京@c人民邮电出版社@d1975
215    @a340页@d19cm
225 2  @a电信技术基础自学丛书
410  0 @120010@a电信技术基础自学丛书
606 0  @a无线电电子学
606 0  @a通信技术
606    @a载波电话@x理论
690    @aTN-51@v4
711 02 @a人民邮电出版社@Aren min you dian chu ban she@4编辑
801  0 @aCN@bTSSF@c20060509
801  2 @aCN@bNLC@c20060328
905    @a10447@dTN-51@e50
    
    载波电话基础/人民邮电出版社编辑.-北京:人民邮电出版社,1975
    340页;19cm.-(电信技术基础自学丛书)
    
    
    ISBN :CNY0.75
    
●
相关链接 在E读中查询图书 在五车中查询图书 在当当中查询图书 在豆瓣中查询图书


正题名:载波电话基础     索取号:TN-51/50         预约/预借

序号 登录号 条形码 馆藏地/架位号 状态 备注
1 0016299   202316298   密集书库/ [索取号:TN-51/50] 在馆    
2 0016300   202233591   密集书库/ [索取号:TN-51/50] 在馆    
唐山师范学院图书馆 欢迎您!
大连网信软件有限公司© 版权所有